000 00735cab a2200229 4500
001 WB3237-49
008 090401t1996 xxu||||| |||| 00| 0 eng d
035 _a(Sirsi) u13839
041 _aeng
245 _aCity-Heathrow rail link
260 _c1996
350 _a0
490 _aTimes
_v2 October 1996, 25
490 _aConstruction News
_v3 October 1996, 8(2)
520 _aA £50 million fast rail link between the City and Heathrow, backed by the Virgin Group, could be in operation by 1998 if the project gets the go-ahead from the British Airports Authority.
650 _aBAA
650 _aCITY-HEATHROW LINK
650 _aVIRGIN GROUP
690 _aTRANSPORT AND COMMUNICATIONS
942 _n0
948 _c04/03/1997
999 _c8931
_d8931